LEADER 01482nam a2200325 u 4500 001 000000044160 003 CaOOAMICUS 005 20070226114523.0 008 990421s1998 it u000 u ita u 020 $a8834300718 035 $a10820754 040 $aBAV$bita$dPUL(R) 100 1 $aD'Avenia, Marco,$d1966-$0(OLS)http://pul/name/13322 245 12$aL'aporia del bene apparente :$ble dimensioni cognitive delle virtů morali in Aristotele /$cMarco D'Avenia. 260 $aMilano :$bVita e pensiero,$c1998. 300 $axii, 358 p. ;$c22 cm 490 1 $aScienze filosofiche ;$v61 500 $aContiene indici. 502 $aDiss. -- Univ. Friburg, Svizzera, 1997. 504 $aBibliografia: p. [336]-355. 600 04$aAristoteles,$d384-322 a.C.$xCritica e interpretazione.$0(OLS)http://pul/subject/434 710 2 $aUniversitŕ cattolica del Sacro Cuore. Sede di Milano.$0(OLS)http://pul/name/534 830 0$aScienze filosofiche ;$v61.$0(OLS)http://pul/title/2068 850 $aPUL 852 $aPUL$W1$xSL Filosofia 2$y80$mPhil A13 61$j59478$nBK-PRI$b $qStampati altre collocazioni$B59478$CPULBib$Z2$F59478 $H $81 941 1 $a10 961 $aINV: 79905 996 $6020$a8834300718$9(OLS)http://pul/number/55059 996 $6245$aL'aporia del bene apparente :$ble dimensioni cognitive delle virtů morali in Aristotele$9(OLS)http://pul/title/59568 996 $6260$aMilano :$bVita e pensiero$9(OLS)http://pul/publisher/48016 LEADER 01780nam a2200373 u 4500 001 000000048994 003 CaOOAMICUS 005 20070226115048.0 008 000609s1999 it u000 u ita u 020 $a8839405860 035 $a10849777 040 $aPUL$bita 041 1 $aita$hspa 100 1 $aCruz Hernández, Miguel,$d1920-$0(OLS)http://pul/name/34190 240 10$aHistoria del pensamiento en el mundo islámico.$lItaliano.$0(OLS)http://pul/title/63223 245 10$aStoria del pensiero nel mondo islamico.$n2,$pIl pensiero in al-Andalus (secoli IX-XIV) /$cMiguel Cruz Hernandez ; edizione italiana a cura di Bruno Chiesa e Roberto Tottoli. 246 30$aPensiero in al-Andalus (secoli IX-XIV) 260 $aBrescia :$bPaideia,$c1999. 300 $aP. 400-750 ;$c24 cm 490 1 $aPhilosophica (Paideia).$aTesti e studi ;$v4 500 $aContiene bibliografia. 650 4$aIslamismo.$0(OLS)http://pul/subject/7079 650 4$aFilosofia orientale$xStoria.$0(OLS)http://pul/subject/19864 700 1 $aTottoli, Roberto.$0(OLS)http://pul/name/34191 700 1 $aChiesa, Bruno.$0(OLS)http://pul/name/12445 830 0$aPhilosophica (Paideia).$pTesti e studi ;$v4.$0(OLS)http://pul/title/63226 850 $aPUL 852 $aPUL$W1$xSL Religione 1$y3$m7.1.F.67$j65176$nBK-PRI$b $qStampati$B65176$CPULBib$Z2$F65176 $H $81 941 1 $a8 961 $aINV: 82023 996 $6020$a8839405860$9(OLS)http://pul/number/61814 996 $6245$aStoria del pensiero nel mondo islamico.$n2,$pIl pensiero in al-Andalus (secoli IX-XIV)$9(OLS)http://pul/title/66056 996 $6246$aPensiero in al-Andalus (secoli IX-XIV)$9(OLS)http://pul/title/66057 996 $6260$aBrescia :$bPaideia$9(OLS)http://pul/publisher/47884